ბათუმის შოთა რუსთაველის სახელმწიფო უნივერსიტეტის ბიბლიოთეკა

ადამიანის უფლებათა ევროპული კონვენციის მოკლე მეგზური / (ბიბ.ჩანაწერი № 56743)

000 -ლიდერი
ფიქსირებული სიგრძის საკონტროლო ველი 01152nam a22002177a 4500
003 - საკონტროლო ნომრის იდენტიფიკატორი
საკონტროლო ველი Ge_BSU
005 - ბოლო ოპერაციის თარიღი და დრო
საკონტროლო ველი 20190422145327.0
008 - ფიქსირებული სიგრძის მონაცემთა ელემენტები - ზოგადი ინფორმაცია
ფიქსირებული სიგრძის საკონტროლო ველი 190412s2000 ge ||||| |||| 00| 0 geo d
041 ## - ენის კოდი
Language code of text/sound track or separate title geo
080 ## - უნივერსალური ათობითი კლასიფიკაციის ინდექსი
Universal Decimal Classification number 341.231.14 გ-66
100 ## - მთავარი ჩანაწერი - პიროვნების სახელი
Personal name გომიენი, დონა
9 (RLIN) 175
245 ## - ცნობა სათაურის შესახებ
Title ადამიანის უფლებათა ევროპული კონვენციის მოკლე მეგზური /
Statement of responsibility, etc დონა გომიენი ; რედ. თამარ დემეტრაშვილი ; წინასიტყვ. დანიელ ტარშისი.
264 ## - წარმოების, გამოცემის, დისტრიბუციის და სხვა ცნობები
გამოცემის, წარმოების, დისტრიბუციის... ადგილი თბილისი,
გამოცემის, წარმოების, დისტრიბუციის... თარიღი 2000.
300 ## - ფიზიკური აღწერა
Extent 243 გვ. ;
Dimensions 20 სმ.
500 ## - ზოგადი შენიშვნა
General note დანართი : გვ. 239-242.
653 ## - INDEX TERM--UNCONTROLLED
Uncontrolled term სამართალი
653 ## - INDEX TERM--UNCONTROLLED
Uncontrolled term ადამიანის უფლებათა ევროპული კონვენცია
700 ## - ADDED ENTRY--PERSONAL NAME
Personal name დემეტრაშვილი, თამარ
Relator term რედაქტორი
9 (RLIN) 176
700 ## - ADDED ENTRY--PERSONAL NAME
Personal name ტარშისი, დანიელ
Relator term წინასიტყვ. ავტ.
9 (RLIN) 177
942 ## - ADDED ENTRY ELEMENTS (KOHA)
Source of classification or shelving scheme
Koha item type წიგნი
ეგზემპლარები
ჩამოწერის სტატუსი დაკარგული ეგზემპლარის სტატუსი კლასიფიკაციის წყარო ან თაროზე გაწყობის სქემა დაზიანების სტატუსი არ გაიცემა მუდმივი მდებარეობა (დაცვის ადგილი) ამჟამინდელი ადგილსამყოფელი თაროზე განთავსების ადგილი შეძენის თარიღი ღირებულება, შესყიდვის ნორმალური ფასი ინვენტარის ნომერი სრული შენახვის შიფრი შტრიხკოდი ბოლო ოპერაციის თარიღი ფასის ძალაში შესვლის თარიღი ეგზემპლარის სახეობა საჯარო შენიშვნა
          ბათუმის შოთა რუსთაველის სახელმწიფო უნივერსიტეტის მთავარი ბიბლიოთეკა ბათუმის შოთა რუსთაველის სახელმწიფო უნივერსიტეტის მთავარი ბიბლიოთეკა წიგნსაცავი 2019-04-12 10.00 28869 341.231.14 გ-66 28969 2019-04-12 2019-04-12 წიგნი 10ლ.